000 00514nam a2200181Ia 4500
005 20250508161736.0
008 008 250505s9999 xx 000 0 eng d
037 _aTextual
040 _aFEDL
_beng
_cFEDL
041 _aeng
_2eng
084 _a378, SMI
_qFEDL
100 _aSmith G Kerry
_9771480
245 0 _aCurrent issues in higher education
260 _aWashington, USA
_bAssoication for Higher Education
_c1966
300 _a290p.
942 _cTEXL
_h378, SMI
999 _c1371835
_d1371835